| 000 | 01024 a2200325 4500 | ||
|---|---|---|---|
| 001 | 200442890 | ||
| 003 | TR-AnTOB | ||
| 005 | 20260102141012.0 | ||
| 008 | 100415s1999 tura 00010 tur | ||
| 020 | _a9759533197 | ||
| 040 |
_aGAZIU _beng _cTR-AnTOB _erda |
||
| 041 | 1 | 9 |
_atur _heng |
| 060 | 1 | 0 |
_aQT 104 _b.G198 1996 |
| 096 |
_aQT104 _b.G198 1996 |
||
| 100 | 1 |
_aGanong, William F. _9138777 |
|
| 240 | 1 | 0 |
_aReview of medical physiology. _lTurkish. |
| 245 | 1 | 0 |
_aGanong tıbbi fizyoloji / _cyazarWilliam F. Ganong ; çeviri, Türk Fizyolojik Bilimler Derneği. |
| 246 | 3 | _aTıbbi fizyoloji. | |
| 264 | 1 |
_aAnkara : _bBarış Kitabevi, _c1996. |
|
| 300 |
_avolumes : _billustrations ; _c27 cm |
||
| 336 |
_2rdacontent _atext _btxt |
||
| 337 |
_2rdamedia _aunmediated _bn |
||
| 338 |
_2rdacarrier _avolume _bnc |
||
| 500 | _a19. bs.'dan çeviri. | ||
| 500 | _aDizin var. | ||
| 650 | 1 | 2 |
_aPhysiology _9125983 |
| 710 | 2 |
_aTürk Fizyolojik Bilimler Derneği _9151500 |
|
| 942 |
_2lcc _cBK |
||
| 999 |
_c200442890 _d61102 |
||